[Event "ch-Paris op C"]
[Site "Paris (Halle Carpentier)"]
[Date "2008.06.29"]
[Round "2.8"]
[White "Morgan, Jacques"]
[Black "Trocme, Jacques"]
[Result "0-1"]
[WhiteElo "1370"]
[BlackElo "1480"]
[PlyCount "92"]
[EventDate "2008.06.28"]

1. d4 Nf6 2. c4 d6 3. Nc3 g6 4. e4 Bg7 5. Nf3 b6 6. Be2 Bb7 7. Qc2 Nbd7 8. O-O
e6 9. Bg5 h6 10. Bh4 g5 11. Nxg5 hxg5 12. Bxg5 e5 13. d5 a6 14. f4 Qe7 15. a4
Bh6 16. Bxh6 Rxh6 17. Qd2 Rg6 18. f5 Rg8 19. Qc2 Qf8 20. a5 Qh6 21. Bf3 Ke7 22.
axb6 cxb6 23. Rab1 Ng4 24. Bxg4 Rxg4 25. g3 Rh8 26. Rf2 Rxg3+ 27. Kh1 Qg5 28.
Rbf1 Nf6 29. Re2 Ng4 30. Qd2 Qxd2 31. Rxd2 Rgh3 32. f6+ Nxf6 33. Rdf2 R8h6 34.
Na4 Rb3 35. Rg1 a5 36. Rgg2 Nxe4 37. Rf1 Ng3+ 38. Rxg3 Rxg3 39. Nxb6 Rb3 40.
Na4 Rb4 41. Ra1 Rxc4 42. Nb6 Rb4 43. Na4 Bxd5+ 44. Kg1 Rg4+ 45. Kf1 Rxh2 46.
Rd1 Bc4+ 0-1

[Event "ch-Paris op C"]
[Site "Paris (Halle Carpentier)"]
[Date "2008.06.29"]
[Round "2.9"]
[White "Roux, Jean-Marie"]
[Black "Siaugues, Jean-Claude"]
[Result "1-0"]
[WhiteElo "1470"]
[BlackElo "1370"]
[PlyCount "95"]
[EventDate "2008.06.28"]

1. e4 e6 2. d4 d5 3. exd5 exd5 4. Nf3 Bg4 5. Be2 Bd6 6. Nc3 Nf6 7. Bg5 c6 8.
Qd3 O-O 9. O-O-O Re8 10. Kb1 Nbd7 11. h3 Bh5 12. g4 Bg6 13. Qd2 Qc7 14. Rdg1 h6
15. Bxh6 gxh6 16. Qxh6 Bf4 17. g5 Ne4 18. Nxe4 Rxe4 19. Bd3 Re6 20. Bxg6 Rxg6
21. Qh5 Nf8 22. Nh4 Rg7 23. g6 f6 24. Nf5 Bg5 25. h4 Rxg6 26. hxg5 Qh7 27.
Qxh7+ Nxh7 28. Ne7+ Kf7 29. Nxg6 Nxg5 30. Nf4 Re8 31. a4 Re4 32. Nd3 Rxd4 33.
b3 c5 34. Nxc5 b6 35. Nd3 Ke6 36. Re1+ Kf5 37. f4 Nf3 38. Re3 Nd2+ 39. Kc1 Ne4
40. Rh7 Nc5 41. Nxc5 bxc5 42. Rf3 Rxf4 43. Rxf4+ Kxf4 44. Rxa7 f5 45. Rf7 Ke5
46. a5 f4 47. a6 Ke4 48. a7 1-0

[Event "ch-Paris op C"]
[Site "Paris (Halle Carpentier)"]
[Date "2008.06.29"]
[Round "2.10"]
[White "Sriskantharajah, Niroshan"]
[Black "Weintraub, Richard"]
[Result "1-0"]
[WhiteElo "1370"]
[BlackElo "1470"]
[PlyCount "153"]
[EventDate "2008.06.28"]

1. d4 Nf6 2. c4 e6 3. a3 c6 4. Nc3 d5 5. Bg5 Nbd7 6. e4 h6 7. Bxf6 Nxf6 8. e5
Nd7 9. Nf3 dxc4 10. Bxc4 b5 11. Bb3 Be7 12. O-O O-O 13. Re1 Re8 14. Rc1 a6 15.
Ne4 Bb7 16. Qd3 Rc8 17. Bc2 Nf8 18. b4 Rc7 19. Nc5 Bxc5 20. dxc5 Qxd3 21. Bxd3
Rd7 22. Rcd1 Red8 23. Bc2 Ng6 24. Rd6 Ne7 25. Bb3 Nc8 26. Rxd7 Rxd7 27. Rd1
Rxd1+ 28. Bxd1 Ne7 29. Bb3 Ng6 30. g3 Kf8 31. a4 Ke7 32. axb5 cxb5 33. Nd4 Nxe5
34. Kf1 Kd7 35. Ke2 Be4 36. f4 Nd3 37. Ke3 Bh7 38. Bc2 Nxb4 39. Bxh7 g6 40. g4
Nd5+ 41. Kd3 Nf6 42. Bxg6 fxg6 43. h3 Nd5 44. Ke4 Ne7 45. Ke5 Nc6+ 46. Nxc6
Kxc6 47. Kxe6 b4 48. Kf6 b3 49. Kxg6 b2 50. f5 b1=Q 51. h4 Kxc5 52. Kxh6 Qc1+
53. g5 Qf4 54. h5 Qxf5 55. g6 Qf4+ 56. Kh7 Qg5 57. h6 Qe7+ 58. g7 Qe4+ 59. Kh8
Qe5 60. Kh7 Qf5+ 61. Kh8 Qg6 62. h7 Qf6 63. Kg8 Qd8+ 64. Kf7 Qd5+ 65. Kf8 Qd7
66. h8=Q Qf5+ 67. Kg8 Qe6+ 68. Kh7 Qf5+ 69. Kg8 Qg6 70. Kf8 Qf6+ 71. Kg8 Qe6+
72. Kh7 Kd6 73. Qf8+ Kd7 74. g8=Q Qh3+ 75. Qh6 Qxh6+ 76. Kxh6 Kc6 77. Qb3 1-0

[Event "ch-Paris op C"]
[Site "Paris (Halle Carpentier)"]
[Date "2008.06.29"]
[Round "2.11"]
[White "Banat, Rizlene"]
[Black "Vega-Ritter, Isabelle"]
[Result "1/2-1/2"]
[WhiteElo "1360"]
[BlackElo "1469"]
[PlyCount "86"]
[EventDate "2008.06.28"]

1. d4 Nf6 2. c4 d6 3. Nc3 Nbd7 4. e4 e5 5. d5 g6 6. Be3 Bg7 7. Qd2 Ng4 8. Bg5
f6 9. Be3 Nxe3 10. Qxe3 b6 11. O-O-O Nc5 12. f3 a5 13. Nb5 Bd7 14. h3 Qb8 15.
g4 O-O 16. h4 a4 17. Kb1 Bxb5 18. cxb5 Qa7 19. Ne2 Qa5 20. Ng3 Qb4 21. Qc3 Qxc3
22. bxc3 a3 23. Kc2 Na4 24. Kd2 Nb2 25. Rb1 Ra4 26. Kc2 Nc4 27. Bxc4 Rxc4 28.
Kb3 Rc5 29. Kb4 Ra8 30. Rb3 Ra5 31. c4 Bh6 32. Rd1 Bf4 33. Ne2 Bh6 34. Nc1 Bxc1
35. Rxc1 Kg7 36. Rxa3 Rxa3 37. Kxa3 h5 38. g5 fxg5 39. hxg5 h4 40. Rh1 Rxc4 41.
Kb3 Rd4 42. Kc3 Ra4 43. Kb3 Rd4 1/2-1/2

[Event "ch-Paris op C"]
[Site "Paris (Halle Carpentier)"]
[Date "2008.06.29"]
[Round "2.12"]
[White "Belhadj, Mourad"]
[Black "Hargoues-Turon, Emile"]
[Result "1-0"]
[WhiteElo "1460"]
[BlackElo "1350"]
[PlyCount "83"]
[EventDate "2008.06.28"]

1. e4 e5 2. Nf3 Nc6 3. Bb5 Nd4 4. Nc3 Nxf3+ 5. Qxf3 c6 6. Bc4 Qe7 7. d3 h6 8.
Be3 Qf6 9. Qxf6 Nxf6 10. a3 Be7 11. h3 a5 12. d4 exd4 13. Bxd4 b5 14. Bd3 d6
15. f4 Rg8 16. e5 Nh5 17. Ne2 g6 18. g4 dxe5 19. gxh5 exd4 20. hxg6 fxg6 21.
Nxd4 Bb7 22. Be4 Bh4+ 23. Ke2 Rc8 24. Rhg1 Kf7 25. Kf3 Bf6 26. Nxb5 cxb5 27.
Bxb7 Rxc2 28. Bd5+ Kg7 29. Bxg8 Bxb2 30. Rab1 Rc3+ 31. Ke4 Bxa3 32. Be6 b4 33.
Bf5 Rc6 34. Rbd1 Rc4+ 35. Rd4 Rxd4+ 36. Kxd4 Kf6 37. Bxg6 b3 38. Kc3 a4 39. Be8
Bc5 40. Rf1 Bd4+ 41. Kxd4 a3 42. Kc3 1-0

[Event "ch-Paris op C"]
[Site "Paris (Halle Carpentier)"]
[Date "2008.06.29"]
[Round "2.13"]
[White "Sampaio, Victor"]
[Black "Cordier, Daniel"]
[Result "1-0"]
[WhiteElo "1350"]
[BlackElo "1460"]
[PlyCount "89"]
[EventDate "2008.06.28"]

1. d4 d5 2. Nc3 c6 3. Nf3 f6 4. e4 e6 5. Bf4 Qb6 6. Na4 Qb4+ 7. Nc3 Qxb2 8. Bd2
Bb4 9. Ne2 Bxd2+ 10. Nxd2 Na6 11. Nb3 Nb4 12. Rc1 Nxa2 13. Rb1 Qa3 14. Ra1 Ne7
15. Nf4 dxe4 16. Ne2 Nd5 17. c3 Qb2 18. Rb1 Qa3 19. Ra1 e3 20. Qc2 Ndb4 21. Qb1
exf2+ 22. Kxf2 Nd3+ 23. Qxd3 Qxb3 24. Qd2 Qb6 25. Rxa2 c5 26. Qe3 O-O 27. dxc5
Qb1 28. Rd2 Qf5+ 29. Ke1 a5 30. Ra2 Qb1+ 31. Nc1 a4 32. Bd3 Qxd3 33. Nxd3 e5
34. Qe4 a3 35. Qb4 Be6 36. Rxa3 Rab8 37. Qb6 Bd5 38. Rg1 f5 39. Kd2 Rf6 40. Qc7
Re8 41. Nxe5 Ra6 42. Rxa6 bxa6 43. Ra1 h6 44. Rxa6 Bxg2 45. Qf7+ 1-0

[Event "ch-Paris op C"]
[Site "Paris (Halle Carpentier)"]
[Date "2008.06.29"]
[Round "2.14"]
[White "Commercon, Joachim"]
[Black "Benhaim, Louis"]
[Result "0-1"]
[WhiteElo "1450"]
[BlackElo "1340"]
[PlyCount "106"]
[EventDate "2008.06.28"]

1. e4 c5 2. Nf3 e6 3. Nc3 Nc6 4. d3 a6 5. Be3 Qc7 6. g3 Nf6 7. Bg2 Be7 8. Bf4
d6 9. Qe2 e5 10. Be3 Be6 11. a3 O-O 12. O-O Rfd8 13. Rad1 b5 14. Ng5 Bg4 15. f3
Bh5 16. Na2 h6 17. Nh3 Rab8 18. c3 d5 19. Qd2 dxe4 20. fxe4 Bxd1 21. Rxd1 c4
22. Nf2 cxd3 23. Nxd3 Ng4 24. Nac1 Nxe3 25. Qxe3 Bg5 26. Qe2 Rd7 27. Nc5 Rxd1+
28. Qxd1 Bxc1 29. Nxa6 Qb6+ 30. Kh1 Qxa6 31. Qxc1 Rd8 32. Bh3 Qa4 33. Bg4 Qxe4+
34. Kg1 Qxg4 35. Kf2 Qf5+ 36. Kg1 Qd3 37. h4 Qd1+ 38. Qxd1 Rxd1+ 39. Kf2 Rd2+
40. Ke3 Rxb2 41. g4 Kf8 42. g5 hxg5 43. hxg5 Ke7 44. g6 f6 45. a4 bxa4 46. c4
a3 47. c5 a2 48. Kd3 a1=R 49. Kc3 Rh2 50. Kc4 Rc1+ 51. Kb5 Kd7 52. Kb6 Rb2+ 53.
Ka6 Ra1# 0-1

[Event "ch-Paris op C"]
[Site "Paris (Halle Carpentier)"]
[Date "2008.06.29"]
[Round "2.15"]
[White "Buchner, David"]
[Black "Fleurimont, Thierry"]
[Result "1-0"]
[WhiteElo "1340"]
[BlackElo "1450"]
[PlyCount "67"]
[EventDate "2008.06.28"]

1. e4 c5 2. Nf3 e6 3. Nc3 Nc6 4. d3 a6 5. Be3 Qc7 6. d4 b6 7. d5 Ne5 8. Bf4 Bd6
9. g3 Nf6 10. Bxe5 Bxe5 11. Nxe5 Qxe5 12. f4 Qd4 13. e5 Qe3+ 14. Qe2 Qxe2+ 15.
Bxe2 Ng8 16. O-O-O Bb7 17. Bf3 Ne7 18. Rhg1 Nf5 19. Rd3 Nd4 20. Be4 b5 21. dxe6
Bxe4 22. exd7+ Kxd7 23. Nxe4 Kc6 24. Rgd1 Rhd8 25. Kb1 h6 26. f5 a5 27. c3 Kd5
28. Nf2 Kxe5 29. cxd4+ cxd4 30. g4 Rac8 31. Re1+ Kd5 32. Re4 Rc4 33. b3 Rc3 34.
Rdxd4+ 1-0

[Event "ch-Paris op C"]
[Site "Paris (Halle Carpentier)"]
[Date "2008.06.29"]
[Round "2.16"]
[White "Dean, Pietro"]
[Black "Puyo, Elisabeth"]
[Result "0-1"]
[WhiteElo "1440"]
[BlackElo "1300"]
[PlyCount "62"]
[EventDate "2008.06.28"]

1. e4 e5 2. Nf3 Nc6 3. Bc4 Bc5 4. Nc3 Nf6 5. O-O O-O 6. Re1 d6 7. h3 a6 8. Nd5
b5 9. Nxf6+ Qxf6 10. Bd5 Bb7 11. d3 Nd8 12. Bg5 Qg6 13. Bxd8 Bxd5 14. Bxc7 Be6
15. g4 Rac8 16. Ba5 f5 17. Nh4 Qg5 18. Nxf5 Bxf5 19. Bd2 Bxf2+ 20. Kxf2 Bxg4+
21. Kg2 Bxd1+ 22. Bxg5 Rxc2+ 23. Kg1 Rff2 24. Be3 Rg2+ 25. Kf1 Bf3 26. Rac1
Rxb2 27. Bg1 Rg3 28. Be3 Bg2+ 29. Kg1 Bxe4+ 30. Kf1 Bxd3+ 31. Re2 Bxe2+ 0-1

[Event "ch-Paris op C"]
[Site "Paris (Halle Carpentier)"]
[Date "2008.06.29"]
[Round "2.17"]
[White "Geoffroy, Boris"]
[Black "Guerlach, Keigo"]
[Result "1-0"]
[WhiteElo "1330"]
[BlackElo "1440"]
[PlyCount "123"]
[EventDate "2008.06.28"]

1. e4 e5 2. Nf3 Nf6 3. Bc4 Nxe4 4. Nxe5 Qe7 5. d4 d6 6. Qe2 dxe5 7. Qxe4 exd4
8. Qxe7+ Bxe7 9. Bf4 c5 10. Bxb8 Rxb8 11. Bb5+ Bd7 12. Bxd7+ Kxd7 13. O-O Bf6
14. Re1 d3 15. Na3 Bxb2 16. Rad1 Bxa3 17. Rxd3+ Kc6 18. Rxa3 Rbe8 19. Rae3 Rxe3
20. Rxe3 Rd8 21. g3 Kd7 22. Rb3 b6 23. Ra3 a5 24. c4 Re8 25. Rb3 Kc6 26. Kg2
Re2 27. a4 Rc2 28. Re3 Rxc4 29. Re7 Rxa4 30. Rxf7 Rg4 31. f3 Rg6 32. f4 c4 33.
f5 Rg5 34. h4 c3 35. hxg5 c2 36. Rf8 a4 37. Rc8+ Kb5 38. Rxc2 a3 39. f6 a2 40.
Rxa2 Kc4 41. fxg7 b5 42. g8=Q+ Kc3 43. Qb3+ Kxb3 44. Re2 b4 45. Kh3 Kc4 46.
Re4+ Kc5 47. Rxb4 Kxb4 48. Kg4 Kc5 49. Kf5 Kd6 50. Kf6 Kd7 51. Kg7 Ke8 52. Kxh7
Kf8 53. g6 Ke7 54. g7 Kf6 55. g8=Q Ke7 56. Kg6 Kd7 57. Qg7+ Kd8 58. Kf6 Kc8 59.
Ke6 Kb8 60. Kd6 Ka8 61. Kc6 Kb8 62. Qb7# 1-0

[Event "ch-Paris op C"]
[Site "Paris (Halle Carpentier)"]
[Date "2008.06.29"]
[Round "2.18"]
[White "Pallandre, Christian"]
[Black "Lamure, Pierre-Louis"]
[Result "1-0"]
[WhiteElo "1440"]
[BlackElo "1290"]
[PlyCount "129"]
[EventDate "2008.06.28"]

1. d4 d5 2. Nf3 Nc6 3. Bf4 Bg4 4. e3 Nf6 5. h3 Bh5 6. Nbd2 e6 7. c3 Bd6 8. Bxd6
Qxd6 9. Be2 O-O 10. Qc2 e5 11. dxe5 Nxe5 12. O-O Bg6 13. Qb3 b6 14. Rfe1 Ne4
15. Rad1 c5 16. Nxe5 Qxe5 17. Nf3 Qe6 18. Qxd5 Qxd5 19. Rxd5 Rad8 20. Red1 Rxd5
21. Rxd5 Nf6 22. Rd6 h6 23. Ne5 Kh7 24. Nxg6 fxg6 25. Bd3 Re8 26. Kh2 Re5 27.
g4 Ne4 28. Bxe4 Rxe4 29. b3 c4 30. b4 Re5 31. Kg3 Re7 32. a4 Rb7 33. f4 Re7 34.
Kf3 Rf7 35. e4 g5 36. f5 Re7 37. Ke3 Kg8 38. Kd4 Kf7 39. e5 Ke8 40. e6 Rc7 41.
Kd5 Ke7 42. Rc6 Kd8 43. Rxc7 Kxc7 44. Kxc4 Kc6 45. Kd4 a6 46. b5+ axb5 47.
axb5+ Kd6 48. c4 g6 49. fxg6 Kxe6 50. g7 Kf7 51. g8=Q+ Kxg8 52. Kd5 Kf8 53. c5
Ke8 54. c6 Kd8 55. Kd6 Kc8 56. Ke6 Kb8 57. Kf6 Ka7 58. Kg6 h5 59. gxh5 g4 60.
hxg4 Kb8 61. h6 Ka8 62. h7 Ka7 63. c7 Kb7 64. h8=Q Ka7 65. Qb8# 1-0

[Event "ch-Paris op C"]
[Site "Paris (Halle Carpentier)"]
[Date "2008.06.29"]
[Round "2.19"]
[White "Dautricourt, Olivier"]
[Black "Pierre, Laurent"]
[Result "0-1"]
[WhiteElo "1199"]
[BlackElo "1440"]
[PlyCount "92"]
[EventDate "2008.06.28"]

1. e4 e5 2. Nf3 Nc6 3. Nc3 Nf6 4. Bc4 h6 5. O-O Bb4 6. a3 Bxc3 7. bxc3 d6 8. d4
O-O 9. d5 Na5 10. Qe2 Bg4 11. Bd3 Rb8 12. Rb1 c5 13. c4 Qd7 14. c3 b6 15. h3
Bh5 16. Qe3 Qa4 17. Nd2 Rb7 18. Rb5 Bd1 19. Qe1 a6 20. Qxd1 Qxd1 21. Rxd1 axb5
22. cxb5 g5 23. Nc4 Nxc4 24. Bxc4 Nxe4 25. Rd3 f5 26. g4 f4 27. f3 Nf6 28. a4
Ra7 29. Bb3 Rfa8 30. Bd2 Kg7 31. Kg2 Re7 32. c4 Rae8 33. Kf2 e4 34. Rc3 e3+ 35.
Bxe3 Rxe3 36. Rxe3 Rxe3 37. a5 bxa5 38. b6 Rxb3 39. Ke2 Rxb6 40. Kd3 a4 41. Kc3
a3 42. Kd3 a2 43. h4 a1=Q 44. h5 Rb3+ 45. Kc2 Qa2+ 46. Kc1 Rb1# 0-1

[Event "ch-Paris op C"]
[Site "Paris (Halle Carpentier)"]
[Date "2008.06.29"]
[Round "2.20"]
[White "Etienne, Yannick"]
[Black "Terradot, Francois"]
[Result "1/2-1/2"]
[WhiteElo "1190"]
[BlackElo "1420"]
[PlyCount "88"]
[EventDate "2008.06.28"]

1. e4 c5 2. Nf3 d6 3. d4 cxd4 4. Nxd4 Nc6 5. Be3 g6 6. Nc3 Bg7 7. Bb5 Bd7 8.
Bc4 Nf6 9. f3 Rc8 10. Be2 Ne5 11. Qd2 O-O 12. Bh6 Qb6 13. O-O-O Nc4 14. Bxc4
Bxh6 15. Qxh6 Rxc4 16. Qd2 Rd8 17. h4 h5 18. f4 e5 19. Nf3 Nxe4 20. Nxe4 Rxe4
21. fxe5 dxe5 22. Ng5 Rd4 23. Qe2 Bg4 24. Nf3 R4d5 25. Rxd5 Rxd5 26. Qe4 Qd6
27. c4 Rc5 28. b3 f5 29. Qxb7 e4 30. Qa8+ Kf7 31. Qxa7+ Rc7 32. Ng5+ Ke7 33.
Qe3 Rd7 34. Nh3 Qa6 35. Kb2 Qf6+ 36. Ka3 Qa6+ 37. Kb2 Qd6 38. Qg5+ Kf7 39. Nf4
Qd4+ 40. Kb1 Rd6 41. Nd5 Rxd5 42. cxd5 Qxd5 43. Rc1 Qd3+ 44. Kb2 Qd4+ 1/2-1/2

[Event "ch-Paris op C"]
[Site "Paris (Halle Carpentier)"]
[Date "2008.06.29"]
[Round "2.21"]
[White "Leconte, Nicolas"]
[Black "Fattaccini, Paul-Andre"]
[Result "0-1"]
[WhiteElo "1410"]
[BlackElo "1199"]
[PlyCount "130"]
[EventDate "2008.06.28"]

1. d4 Nf6 2. Nf3 e6 3. Bf4 c5 4. c3 Nc6 5. h3 b6 6. e3 d6 7. Nbd2 Qc7 8. Bc4
Be7 9. O-O O-O 10. Qc2 e5 11. Bh2 cxd4 12. exd4 Bb7 13. Rfe1 exd4 14. cxd4 Qd7
15. a3 Rfc8 16. b4 a5 17. b5 Nd8 18. Qd3 d5 19. Bb3 Ne6 20. Ne5 Qd8 21. a4 Bd6
22. Rac1 Rxc1 23. Rxc1 Qe7 24. Nc6 Bxc6 25. bxc6 Rc8 26. Qf3 Bxh2+ 27. Kxh2
Qd6+ 28. Qg3 Qxg3+ 29. Kxg3 Nxd4 30. Ba2 Ne2+ 31. Kf3 Nxc1 32. Bb1 Rxc6 33. g4
g5 34. Bf5 h5 35. gxh5 Nxh5 36. Kg4 Ng7 37. Kxg5 Nxf5 38. Kxf5 Rc2 39. Nf3 Rxf2
40. Kf4 Ra2 41. Ne5 Rxa4+ 42. Ke3 Re4+ 43. Kd2 Nb3+ 44. Kc3 Rxe5 45. Kxb3 d4
46. Kc4 b5+ 47. Kxd4 Rh5 48. Ke4 b4 49. Kd3 a4 50. Kc2 b3+ 51. Kb2 Ra5 52. Ka3
f5 53. h4 f4 54. h5 Rxh5 55. Kxa4 b2 56. Kb4 b1=Q+ 57. Kc4 Qb5+ 58. Kd4 Qe5+
59. Kc4 Rh7 60. Kd3 Rd7+ 61. Kc4 Qc7+ 62. Kb5 Rd8 63. Ka6 Qb8 64. Ka5 Rd1 65.
Ka4 Ra1# 0-1

[Event "ch-Paris op C"]
[Site "Paris (Halle Carpentier)"]
[Date "2008.06.29"]
[Round "2.22"]
[White "Banat, Samy"]
[Black "Hermez, Mohammed"]
[Result "0-1"]
[WhiteElo "1010"]
[BlackElo "1400"]
[PlyCount "56"]
[EventDate "2008.06.28"]

1. e4 e6 2. d4 d5 3. Nd2 c5 4. Ne2 Nc6 5. f3 Bd7 6. g4 cxd4 7. h4 dxe4 8. fxe4
e5 9. c3 Bxg4 10. cxd4 exd4 11. Bh3 Bh5 12. Nf3 Bxf3 13. Rf1 Bh5 14. Qc2 d3 15.
Qa4 dxe2 16. Rf4 Qd1+ 17. Qxd1 exd1=Q+ 18. Kf2 Qe2+ 19. Kg1 Bc5+ 20. Kh1 f5 21.
exf5 Bf7 22. Be3 Bxe3 23. Rff1 Bd5+ 24. Bg2 Bxg2+ 25. Kh2 Bxf1+ 26. Kh1 Nf6 27.
Rxf1 Qxf1+ 28. Kh2 Bf4# 0-1

[Event "ch-Paris op C"]
[Site "Paris (Halle Carpentier)"]
[Date "2008.06.29"]
[Round "2.23"]
[White "Martin, Didier"]
[Black "Cohen-Codar, Isabelle"]
[Result "0-1"]
[WhiteElo "1400"]
[BlackElo "1180"]
[PlyCount "84"]
[EventDate "2008.06.28"]

1. c4 e5 2. Nc3 Nc6 3. e4 Bc5 4. d3 d6 5. Be2 Nf6 6. Bf3 O-O 7. Nge2 Re8 8. O-O
Be6 9. a3 Nd4 10. Nxd4 Bxd4 11. Be3 Bb6 12. b4 c5 13. Be2 Qd7 14. Bg5 Bg4 15.
Bxf6 Bxe2 16. Qxe2 gxf6 17. Nd5 Bd8 18. f4 Kh8 19. f5 Rg8 20. Rf3 b5 21. Rh3
Rg5 22. Rf1 cxb4 23. axb4 a5 24. Qe3 axb4 25. Nxb4 Ra4 26. Nc2 b4 27. d4 b3 28.
Qxb3 Qa7 29. c5 Kg8 30. Qb5 Kf8 31. Rxh7 exd4 32. Rh8+ Rg8 33. Rxg8+ Kxg8 34.
Qe8+ Kg7 35. Qxd8 Qxc5 36. Nxd4 Qxd4+ 37. Kh1 Ra1 38. h3 Rxf1+ 39. Kh2 Qe5+ 40.
g3 Qxe4 41. g4 Qf4+ 42. Kg2 Qf2# 0-1

[Event "ch-Paris op C"]
[Site "Paris (Halle Carpentier)"]
[Date "2008.06.29"]
[Round "2.24"]
[White "Jacquet, Dominique"]
[Black "Savadoux, Valentin"]
[Result "1/2-1/2"]
[WhiteElo "1480"]
[BlackElo "1140"]
[PlyCount "71"]
[EventDate "2008.06.28"]

1. e4 d6 2. Nf3 Nf6 3. Nc3 g6 4. Bc4 Bg7 5. d4 O-O 6. O-O c6 7. Re1 b5 8. Bd3
b4 9. Ne2 Bg4 10. Ng3 Nbd7 11. Re3 Re8 12. b3 e5 13. Qd2 Bh6 14. Qxb4 Bxe3 15.
Bxe3 exd4 16. Qxd4 Nc5 17. Bg5 Re6 18. Bc4 d5 19. exd5 cxd5 20. Bxd5 Rd6 21. c4
Bxf3 22. gxf3 Rc8 23. Qc3 Nxd5 24. cxd5 Qxg5 25. b4 Ne4 26. Qxc8+ Rd8 27. Qc7
Nxg3 28. fxg3 Qe3+ 29. Kg2 Rxd5 30. f4 Rd2+ 31. Kh3 Qd4 32. Qb8+ Kg7 33. Qe5+
f6 34. Qe7+ Kg8 35. Qe8+ Kg7 36. Qe7+ 1/2-1/2

[Event "ch-Paris op C"]
[Site "Paris (Halle Carpentier)"]
[Date "2008.06.29"]
[Round "2.25"]
[White "Marchal, Quentin"]
[Black "Baldi, Valentine"]
[Result "0-1"]
[WhiteElo "1130"]
[BlackElo "1480"]
[PlyCount "36"]
[EventDate "2008.06.28"]

1. e4 c6 2. d4 d5 3. exd5 cxd5 4. Nc3 Bf5 5. Nf3 e6 6. Bb5+ Nc6 7. O-O Nf6 8.
Bg5 Bd6 9. Ne5 Rc8 10. g4 Bg6 11. h4 h5 12. f3 O-O 13. Qd2 Nxe5 14. dxe5 Bxe5
15. Qe3 Bc7 16. Bd3 Bb6 17. Bxf6 Bxe3+ 18. Kg2 Qxf6 0-1

[Event "ch-Paris op C"]
[Site "Paris (Halle Carpentier)"]
[Date "2008.06.29"]
[Round "2.26"]
[White "Fouliard, Marc"]
[Black "Fraval, Julie"]
[Result "0-1"]
[WhiteElo "1430"]
[BlackElo "1320"]
[PlyCount "34"]
[EventDate "2008.06.28"]

1. e4 e5 2. Nf3 d6 3. c3 Nc6 4. d4 exd4 5. cxd4 Bg4 6. Bb5 a6 7. Be2 Nf6 8. Nc3
Qe7 9. d5 Ne5 10. Be3 c6 11. Nxe5 Bxe2 12. Qxe2 Qxe5 13. dxc6 bxc6 14. Qf3 d5
15. exd5 cxd5 16. O-O Bd6 17. Bc5 Qxh2# 0-1

[Event "ch-Paris op C"]
[Site "Paris (Halle Carpentier)"]
[Date "2008.06.29"]
[Round "2.27"]
[White "Delhy, Jacques"]
[Black "Sommier, Patrick"]
[Result "0-1"]
[WhiteElo "1320"]
[BlackElo "1390"]
[PlyCount "102"]
[EventDate "2008.06.28"]

1. e4 c5 2. Nf3 d6 3. d4 cxd4 4. Nxd4 e5 5. Bb5+ Bd7 6. Bxd7+ Nxd7 7. Nb5 Nc5
8. N5c3 Nf6 9. Bg5 Be7 10. Bxf6 Bxf6 11. O-O O-O 12. Nd2 a6 13. Nd5 b5 14. Qf3
Bg5 15. Rad1 Rc8 16. Nb3 Nxb3 17. Qxb3 Rc4 18. Rfe1 f5 19. Ne3 Bxe3 20. Rxe3
Kh8 21. f3 Qf6 22. Red3 Rc6 23. exf5 Rfc8 24. Qb4 Rd8 25. c3 Kg8 26. Rd5 Kf7
27. a4 Ke7 28. axb5 Rb6 29. c4 Qxf5 30. Rxe5+ Qxe5 31. Re1 Qxe1+ 32. Qxe1+ Kf7
33. Qe3 Rbb8 34. Qa7+ Kf8 35. Qc7 a5 36. Qxa5 Ra8 37. Qc7 Rac8 38. Qb6 Rb8 39.
Qc7 Rbc8 40. Qb7 Rxc4 41. Qb6 Rcc8 42. Kf2 d5 43. Ke3 d4+ 44. Kd3 Rd7 45. Qe6
Rcd8 46. Qf5+ Kg8 47. b6 Rb7 48. Qe6+ Kh8 49. h4 Rdb8 50. g4 Rxb6 51. f4 Rxe6
0-1

[Event "ch-Paris op C"]
[Site "Paris (Halle Carpentier)"]
[Date "2008.06.29"]
[Round "2.28"]
[White "Keller, Jean"]
[Black "Laroui, Idriss"]
[Result "1-0"]
[WhiteElo "1499"]
[BlackElo "1200"]
[PlyCount "79"]
[EventDate "2008.06.28"]

1. c4 Nf6 2. d4 e6 3. Nf3 b6 4. g3 Bb7 5. Bg2 d5 6. O-O Nbd7 7. Nbd2 Be7 8. Ne5
Nxe5 9. dxe5 Nd7 10. Nf3 c5 11. Bf4 O-O 12. Rc1 f6 13. exf6 Nxf6 14. Ng5 Qd7
15. Qd2 h6 16. Nf3 Ne4 17. Qd3 Bd6 18. Ne5 Bxe5 19. Bxe5 Rad8 20. Bxe4 dxe4 21.
Qxd7 Rxd7 22. Rfd1 Rfd8 23. Rxd7 Rxd7 24. e3 Kf7 25. Kg2 g5 26. g4 Ba6 27. b3
Rd8 28. Kg3 Rd3 29. h4 gxh4+ 30. Kxh4 Kg6 31. Kg3 Kf7 32. Rh1 Kg6 33. Bf4 Rd2
34. Rxh6+ Kf7 35. Rh7+ Kg6 36. Rxa7 Rxa2 37. Be5 Ra5 38. Rg7+ Kh6 39. Kh4 Ra1
40. g5# 1-0

[Event "ch-Paris op C"]
[Site "Paris (Halle Carpentier)"]
[Date "2008.06.29"]
[Round "2.29"]
[White "Bouiller, Andre"]
[Black "Champs, Sandra"]
[Result "1-0"]
[WhiteElo "1310"]
[BlackElo "1499"]
[PlyCount "108"]
[EventDate "2008.06.28"]

1. e4 e5 2. Nf3 Nc6 3. Bb5 a6 4. Ba4 Nf6 5. d3 Be7 6. O-O O-O 7. Nc3 d5 8. exd5
Nxd5 9. Nxd5 Qxd5 10. Bb3 Qd8 11. Re1 Bg4 12. h3 Bh5 13. Bd2 Nd4 14. g4 Nxf3+
15. Qxf3 Bg6 16. Bc3 b5 17. a3 Bf6 18. Rad1 Re8 19. Ba5 Qd4 20. Bc3 Qf4 21.
Qxf4 exf4 22. Bxf6 gxf6 23. Kg2 h5 24. f3 f5 25. Bd5 Rad8 26. Bc6 Rxe1 27. Rxe1
fxg4 28. hxg4 Rd4 29. Bb7 a5 30. Re7 c5 31. Re5 c4 32. gxh5 cxd3 33. cxd3 Bxd3
34. Be4 Bxe4 35. fxe4 Rd2+ 36. Kf3 b4 37. Rxa5 b3 38. Kxf4 Rxb2 39. Rb5 Kg7 40.
Rb6 f6 41. e5 fxe5+ 42. Kxe5 Rb1 43. h6+ Kh7 44. Kd4 b2 45. Kc3 Rh1 46. Kxb2
Rh2+ 47. Kc1 Ra2 48. Ra6 Rh2 49. a4 Rg2 50. a5 Ra2 51. Kb1 Rg2 52. Rb6 Rg5 53.
a6 Rg6 54. Rxg6 Kxg6 1-0

[Event "ch-Paris op C"]
[Site "Paris (Halle Carpentier)"]
[Date "2008.06.29"]
[Round "2.30"]
[White "Eden, Agnes"]
[Black "Luond, Patrice"]
[Result "1-0"]
[WhiteElo "1290"]
[BlackElo "1499"]
[PlyCount "29"]
[EventDate "2008.06.28"]

1. e4 b6 2. d4 f5 3. exf5 Nf6 4. Nf3 Bb7 5. Nc3 d5 6. Bd3 Nc6 7. Bf4 Nb4 8. Nb5
Rc8 9. Nxa7 Nxd3+ 10. Qxd3 Ra8 11. Nb5 Ba6 12. Nxc7+ Kf7 13. Nxa6 Ne4 14. O-O
Qd7 15. Ne5+ 1-0

[Event "ch-Paris op C"]
[Site "Paris (Halle Carpentier)"]
[Date "2008.06.29"]
[Round "2.31"]
[White "Papazian, Arlette"]
[Black "Bouriot, Florence"]
[Result "0-1"]
[WhiteElo "1499"]
[BlackElo "1280"]
[PlyCount "112"]
[EventDate "2008.06.28"]

1. Nf3 d6 2. d4 Nd7 3. c4 Ngf6 4. Nc3 b6 5. Bf4 Bb7 6. d5 e6 7. e4 Be7 8. Bd3
O-O 9. O-O exd5 10. cxd5 c6 11. Re1 cxd5 12. b3 dxe4 13. Bxe4 Nxe4 14. Nxe4 d5
15. Nc3 Bf6 16. Rc1 Rc8 17. Nb5 a6 18. Nd6 Rc7 19. Rxc7 Qxc7 20. Qc1 Qxc1 21.
Rxc1 Ba8 22. Rc8 Rxc8 23. Nxc8 Bb7 24. Nd6 Bc6 25. Nc8 b5 26. Nd6 Be7 27. Nf5
Bf6 28. Ne3 Nc5 29. Nc2 Ne6 30. Nb4 Bb7 31. a4 Nxf4 32. axb5 axb5 33. h3 d4 34.
Nc2 d3 35. Nce1 Bc3 36. Nxd3 Nxd3 37. Nh2 Bd5 38. Nf1 Bxb3 39. Kh1 Bd5 40. Ne3
Bc6 41. Nd1 Bd4 42. Kg1 b4 43. Kf1 b3 44. Kg1 b2 45. Nxb2 Nxb2 46. Kf1 Bb5+ 47.
Kg1 Nd3 48. Kf1 Nxf2+ 49. Kg1 Ne4+ 50. Kh1 Ng3+ 51. Kh2 Nf1+ 52. Kh1 f5 53. h4
f4 54. h5 Bc6 55. h6 f3 56. gxf3 Bxf3# 0-1

[Event "ch-Paris op C"]
[Site "Paris (Halle Carpentier)"]
[Date "2008.06.29"]
[Round "2.32"]
[White "Moisset, Lola"]
[Black "Portier, Pierre"]
[Result "0-1"]
[WhiteElo "1280"]
[BlackElo "1499"]
[PlyCount "86"]
[EventDate "2008.06.28"]

1. e4 e5 2. Nf3 Nc6 3. Bb5 a6 4. Ba4 Nf6 5. Nc3 b5 6. Bb3 Bb7 7. O-O d6 8. d4
Be7 9. dxe5 Nxe5 10. Nxe5 dxe5 11. Qe2 O-O 12. Rd1 Qe8 13. Bg5 Rd8 14. Rxd8
Bxd8 15. Bxf6 Bxf6 16. Nd5 Bxd5 17. Bxd5 Qe7 18. Bb7 Rd8 19. h3 Rd6 20. Rd1 a5
21. Rxd6 Qxd6 22. Qxb5 h6 23. Qxa5 Qd1+ 24. Kh2 Qxc2 25. a4 Bg5 26. Qxe5 Qxf2
27. Qxc7 Bf4+ 28. Qxf4 Qxf4+ 29. Kh1 Qc1+ 30. Kh2 Qc7+ 31. Kh1 Qxb7 32. a5 Qxb2
33. a6 Qa1+ 34. Kh2 Qxa6 35. e5 Qe6 36. h4 Qxe5+ 37. Kh1 f5 38. h5 f4 39. g3
fxg3 40. Kg2 Kf7 41. Kh1 Qe2 42. Kg1 Qf2+ 43. Kh1 Qh2# 0-1